[Event "13th Poti Nana Aleksandria Cup"]
[Site "Poti"]
[Date "2018.07.17"]
[Round "6"]
[White "Mgeladze, Tamaz"]
[Black "Gharagyozyan, Artur"]
[Result "0-1"]
[WhiteElo "2374"]
[BlackElo "2302"]
[Annotator "NA"]
[PlyCount "115"]
[EventDate "2018.07.13"]
[EventType "swiss"]
[EventCountry "GEO"]
[SourceTitle "playchess.com"]
[Source "ChessBase"]
[SourceQuality "1"]
[TimeControl "40/5400+30:1800+30"]

{[%evp 14,114,45,32767,47,29,33,32767,52,32767,24,26,31,21,32767,22,14,7,23,9,19,16,63,32767,32767,32767,32767,32767,32767,32767,32767,0,0,-18,0,-35,-5,32767,32767,32767,32767,32767,-16,-144,32767,-135,-141,32767,32767,32767,32767,32767,-217,-210,-210,-245,-153,-166,-172,-176,32767,-154,-180,-179,32767,32767,32767,-189,-152,-252,-354,-411,-343,-347,-500,-656,-612,-495,-543,-593,-1014,-807,32767,-1003,32767,-736,32767,32767,-1587,32767,32767,32767,32767,32767,32767,32767,-1337,32767,-12843,-4614,-29975,-29974,-29983]} 1. c4 {[%emt 0:00:00]} Nf6 {[%emt 0:05:21]} 2. g3 {[%emt 0:01:09]} e5 {[%emt 0:01:19]} 3. Bg2 {[%emt 0:00:20]} Nc6 {[%emt 0:01:13]} 4. Nf3 {[%emt 0:02:12]} d5 {[%emt 0:01:29]} 5. cxd5 {[%emt 0:00:11]} Nxd5 {[%emt 0:00:07]} 6. Nc3 {[%emt 0:02:01]} Be6 {[%emt 0:02:11]} 7. O-O {[%emt 0:00:49]} Be7 {[%emt 0:00:10]} 8. d4 {[%emt 0:03:05]} exd4 {[%emt 0:09:24]} 9. Nxd4 {[%emt 0:00:21]} Nxc3 {[%emt 0:00:07] A29: English Opening: Four Knights Variation with 4 g3} 10. bxc3 {[%emt 0:00:35]} Nxd4 {[%emt 0:00:14]} 11. cxd4 {[%emt 0:00:46]} c6 $1 {[%emt 0:00:26]} 12. e4 {[%emt 0:14:49]} O-O {[%emt 0:01:15] LiveBook: 3 Games} (12... Bc4 13. Re1 O-O 14. Bb2 Qb6 15. Qc2 Qa6 16. d5 cxd5 17. exd5 {1-0 (54) Lagno,K (2543)-Golubenko,V (2271) Riga 2017}) 13. Bb2 {[%emt 0:03:37]} Qd7 {[%emt 0:02:33]} 14. d5 {[%emt 0:05:21]} cxd5 {[%emt 0:04:53]} 15. exd5 {[%emt 0:00:03]} Bg4 {[%emt 0:01:55]} 16. Qb3 $146 {[%emt 0:04:13]} ({Predecessor:} 16. Qd2 f5 17. f4 {1-0 (42) Clarke,P-Mohsen,T Leipzig 1960}) 16... Rac8 {[%emt 0:02:39]} 17. Rac1 {[%emt 0:04:41]} Bd6 {[%emt 0:00:49]} (17... Rfe8 $11) 18. Qe3 {[%emt 0:03:17]} b6 {[%emt 0:04:43]} 19. Rc6 {[%emt 0:04:45]} Rfe8 {[%emt 0:01:14]} 20. Qg5 {[%emt 0:05:28]} Bf8 {[%emt 0:05:25]} 21. Rfc1 {[%emt 0:07:32]} h6 {[%emt 0:06:47]} 22. Qf4 {[%emt 0:04:59]} Qf5 {[%emt 0:00:46]} 23. Qd4 {[%emt 0:10:30]} Rcd8 {[%emt 0:06:13]} 24. d6 {[%emt 0:07:12]} Bf3 {[%emt 0:11:23]} 25. Bxf3 {[%emt 0:00:22]} Qxf3 {[%emt 0:00:01]} 26. d7 {[%emt 0:00:15]} Re4 {[%emt 0:05:31]} 27. Qc3 {[%emt 0:04:01]} Qxc3 {[%emt 0:02:17]} 28. Bxc3 {[%emt 0:00:02]} (28. R1xc3 $15 Rd4 29. Rc7) 28... Rxd7 {[%emt 0:00:17]} 29. Rc8 {[%emt 0:00:03]} f6 {[%emt 0:00:39]} 30. Re1 {[%emt 0:05:15]} Rxe1+ {[%emt 0:00:03]} 31. Bxe1 {[%emt 0:00:04]} Rd1 {[%emt 0:00:04]} 32. Kf1 {[%emt 0:00:06]} Ra1 {[%emt 0:00:12]} 33. a3 {[%emt 0:00:26]} Kf7 {[%emt 0:00:51]} ({Weaker is} 33... Rxa3 34. Bb4 $16) 34. Ke2 {[%emt 0:00:28]} a5 {[%emt 0:02:33]} ({Much less strong is} 34... Bxa3 35. Rc7+ Kg6 36. Rxa7 $17) ({Worse is} 34... Rxa3 {[#]} 35. Rxf8+ $1 {[%mdl 512]} Kxf8 36. Bb4+ Ke8 37. Bxa3 $16) 35. Rc6 {[%emt 0:01:40]} Ra2+ {[%emt 0:00:14]} 36. Kd1 {[%emt 0:00:28]} Bc5 {[%emt 0:02:28]} 37. Bxa5 {[%emt 0:00:10]} Rxf2 {[%emt 0:00:32]} 38. Bxb6 {[%emt 0:04:03]} Bxb6 {[%emt 0:00:11]} 39. Rxb6 {[%emt 0:00:02]} Rxh2 {[%emt 0:00:07]} 40. Rb7+ {[%emt 0:00:00]} Kg6 {[%emt 0:00:00]} 41. Kc1 {[%emt 0:00:29]} h5 {[%emt 0:02:11]} 42. Rb3 {[%emt 0:01:15]} h4 {[%emt 0:01:30]} 43. gxh4 {[%emt 0:00:24]} Rxh4 {[%emt 0:00:04]} 44. Rg3+ {[%emt 0:00:04]} Kf7 {[%emt 0:00:08]} 45. Kb2 {[%emt 0:00:02]} g5 {[%emt 0:00:13]} 46. Kb3 {[%emt 0:00:04]} Kg6 {[%emt 0:00:05]} 47. a4 {[%emt 0:00:05]} g4 {[%emt 0:00:09]} 48. Kc4 {[%emt 0:00:18]} Kg5 {[%emt 0:00:14]} 49. a5 {[%emt 0:00:20]} Kf4 {[%emt 0:00:40]} 50. Rg1 {[%emt 0:01:14]} g3 {[%emt 0:00:11]} 51. a6 {[%emt 0:00:10]} Kf3+ {[%emt 0:00:06]} 52. Kb5 {[%emt 0:00:49]} f5 {[%emt 0:00:37]} 53. Rb1 {[%emt 0:03:39]} f4 {[%emt 0:02:00]} 54. Kc4 {[%emt 0:00:26]} Rh6 {[%emt 0:01:17]} 55. Ra1 {[%emt 0:00:34]} g2 {[%emt 0:00:30]} 56. a7 {[%emt 0:00:27]} Rh8 {[%emt 0:00:06]} 57. Rb1 {[%emt 0:00:12]} Ra8 {[%emt 0:00:09]} 58. Kd4 0-1

[Event "13th Poti Nana Aleksandria Cup"]
[Site "Poti"]
[Date "2018.07.17"]
[Round "6"]
[White "Chkhaidze, Nikoloz"]
[Black "Gordon, Evgeny"]
[Result "1-0"]
[WhiteElo "2337"]
[BlackElo "2016"]
[Annotator "ChessBase"]
[PlyCount "85"]
[EventDate "2018.07.13"]
[EventType "swiss"]
[EventCountry "GEO"]
[SourceTitle "playchess.com"]
[Source "ChessBase"]
[SourceQuality "1"]
[TimeControl "40/5400+30:1800+30"]

1. d4 {[%emt 0:00:00]} d5 {[%emt 0:00:00]} 2. c4 {[%emt 0:00:00]} c5 {[%emt 0:00:06]} 3. cxd5 {[%emt 0:00:00]} Qxd5 {[%emt 0:00:44]} 4. Nf3 {[%emt 0:00:00]} cxd4 {[%emt 0:00:45]} 5. Nc3 {[%emt 0:00:00]} Qa5 {[%emt 0:00:20]} 6. Nxd4 {[%emt 0:00:00]} Nf6 {[%emt 0:02:05]} 7. g3 {[%emt 0:00:04]} e5 {[%emt 0:02:30]} 8. Nb3 {[%emt 0:00:08]} Qb6 {[%emt 0:01:14]} 9. Bg2 {[%emt 0:00:05]} Bb4 {[%emt 0:00:32]} 10. O-O {[%emt 0:00:13]} a6 {[%emt 0:09:54]} 11. Be3 {[%emt 0:00:08]} Qc7 {[%emt 0:00:44]} 12. Na4 {[%emt 0:00:30]} Nc6 {[%emt 0:04:59]} 13. a3 {[%emt 0:00:49]} Be7 {[%emt 0:00:41]} 14. Rc1 {[%emt 0:05:40]} O-O {[%emt 0:09:39]} 15. Qc2 {[%emt 0:05:20]} Be6 {[%emt 0:05:50]} 16. Bb6 {[%emt 0:03:52]} Qb8 {[%emt 0:06:52]} 17. Rfd1 {[%emt 0:03:18]} e4 {[%emt 0:02:48]} 18. Nbc5 {[%emt 0:03:11]} Bf5 {[%emt 0:00:35]} 19. Nxe4 {[%emt 0:01:08]} Nxe4 {[%emt 0:02:05]} 20. Bxe4 {[%emt 0:00:04]} Bxe4 {[%emt 0:00:35]} 21. Qxe4 {[%emt 0:00:03]} Qe8 {[%emt 0:13:51]} 22. Nc3 {[%emt 0:04:38]} Bf6 {[%emt 0:02:57]} 23. Qxe8 {[%emt 0:06:09]} Rfxe8 {[%emt 0:00:12]} 24. e3 {[%emt 0:00:09]} Rac8 {[%emt 0:09:57]} 25. Kg2 {[%emt 0:02:46]} h5 {[%emt 0:01:04]} 26. h3 {[%emt 0:09:54]} Re6 {[%emt 0:03:43]} 27. Na4 {[%emt 0:01:32]} Ne7 {[%emt 0:04:48]} 28. Rxc8+ {[%emt 0:01:41]} Nxc8 {[%emt 0:00:01]} 29. Bd4 {[%emt 0:00:19]} Bxd4 {[%emt 0:03:38]} 30. Rxd4 {[%emt 0:00:05]} Rc6 {[%emt 0:00:11]} 31. Nc3 {[%emt 0:00:09]} b5 {[%emt 0:01:01]} 32. Nd5 {[%emt 0:00:35]} Kh7 {[%emt 0:04:39]} 33. Nb4 {[%emt 0:00:52]} Rb6 {[%emt 0:00:26]} 34. Rd8 {[%emt 0:04:53]} Nd6 {[%emt 0:00:27]} 35. Ra8 {[%emt 0:00:11]} Nc4 {[%emt 0:00:25]} 36. Rxa6 {[%emt 0:00:06]} Rxa6 {[%emt 0:01:07]} 37. Nxa6 {[%emt 0:00:04]} Nxb2 {[%emt 0:00:11]} 38. Nc7 {[%emt 0:00:05]} Nc4 {[%emt 0:00:29]} 39. Nxb5 {[%emt 0:00:07]} Kg6 {[%emt 0:00:38]} 40. a4 {[%emt 0:00:00]} Kf5 {[%emt 0:00:00]} 41. Kf3 {[%emt 0:02:17]} Nd2+ {[%emt 0:00:34]} 42. Ke2 {[%emt 0:00:13]} Nb3 {[%emt 0:00:08]} 43. Nd4+ {[%emt 0:00:43]} 1-0

[Event "13th Poti Nana Aleksandria Cup"]
[Site "Poti"]
[Date "2018.07.17"]
[Round "6"]
[White "Sattarov, Bobir"]
[Black "Golubov, Saveliy"]
[Result "1-0"]
[WhiteElo "2328"]
[BlackElo "2488"]
[Annotator "TA"]
[PlyCount "41"]
[EventDate "2018.07.13"]
[EventType "swiss"]
[EventCountry "GEO"]
[SourceTitle "playchess.com"]
[Source "ChessBase"]
[SourceQuality "1"]

{[%evp 20,41,34,22,63,72,98,104,196,205,248,213,202,210,381,381,616,588,703,691,29980,29981,29976,29977]} 1. e4 e5 2. Nf3 Nc6 3. Bb5 Nge7 4. Nc3 g6 5. d4 exd4 6. Nd5 Bg7 7. Bg5 {C60: Spanische Partie} h6 8. Bf6 Bxf6 9. Nxf6+ Kf8 10. O-O (10. Qd2 a6 11. Bc4 Nf5 12. Nd5 Nd6 13. Bd3 Kg7 14. O-O-O Re8 {1-0 (47) Navara,D (2726)-Movsesian,S (2653) Prague 2016}) 10... a6 11. Ba4 {LiveBook: 6 Partien} d6 12. Nxd4 b5 13. Bb3 {[#]} Ne5 $146 (13... Bb7 $16 {kämpft weiter.}) ({Vorgänger:} 13... Nxd4 14. Qxd4 {1-0 (21) Vovk,Y (2571)-Vysochin,S (2552) Lvov 2011}) 14. f4 $18 Nd7 15. Nxd7+ Bxd7 16. f5 gxf5 $2 (16... Rh7 {ist eine bessere Verteidigung.} 17. Ne6+ (17. fxg6 Nxg6 18. Qd2 Ne5 $16) 17... Bxe6) 17. Qh5 {[%csl Gb3][%cal Rh5f7] [#]} Qe8 $2 (17... Rh7 18. exf5 Qb8) 18. exf5 c5 19. Rae1 f6 20. Qh4 Kg7 21. Qg3+ 1-0

[Event "13th Poti Nana Aleksandria Cup"]
[Site "Poti"]
[Date "2018.07.17"]
[Round "6"]
[White "Mammadov, Sadig"]
[Black "Tsotsonava, Elene"]
[Result "1/2-1/2"]
[WhiteElo "2312"]
[BlackElo "1647"]
[Annotator "NA"]
[PlyCount "67"]
[EventDate "2018.07.13"]
[EventType "swiss"]
[EventCountry "GEO"]
[SourceTitle "playchess.com"]
[Source "ChessBase"]
[SourceQuality "1"]
[TimeControl "40/5400+30:1800+30"]

1. e4 {[%emt 0:01:23]} c5 {[%emt 0:00:00]} 2. Nf3 {[%emt 0:00:02]} Nc6 {[%emt 0:00:00]} 3. d4 {[%emt 0:00:05]} cxd4 {[%emt 0:00:00]} 4. Nxd4 {[%emt 0:00:03]} Nf6 {[%emt 0:00:00]} 5. Nc3 {[%emt 0:00:05]} e5 {[%emt 0:00:00]} 6. Ndb5 {[%emt 0:00:04]} d6 {[%emt 0:00:00]} 7. Bg5 {[%emt 0:00:06]} a6 {[%emt 0:00:02]} 8. Na3 {[%emt 0:00:01]} b5 {[%emt 0:00:05]} 9. Nd5 {[%emt 0:00:09]} Be7 {[%emt 0:00:06]} 10. Bxf6 {[%emt 0:00:04]} Bxf6 {[%emt 0:00:05]} 11. c3 {[%emt 0:00:07]} O-O {[%emt 0:00:04]} 12. Nc2 {[%emt 0:00:03]} Bg5 {[%emt 0:00:06]} 13. a4 {[%emt 0:00:06]} bxa4 {[%emt 0:00:05]} 14. Rxa4 {[%emt 0:00:01]} a5 {[%emt 0:00:06]} 15. Bc4 {[%emt 0:00:36]} Rb8 {[%emt 0:01:15]} 16. b3 {[%emt 0:00:27]} Kh8 {[%emt 0:00:08]} 17. O-O {[%emt 0:03:45]} f5 {[%emt 0:00:47]} 18. exf5 {[%emt 0:00:29]} Bxf5 {[%emt 0:00:05]} 19. Nce3 {[%emt 0:00:20]} Bg6 {[%emt 0:03:22]} 20. Qe2 {[%emt 0:05:04] B33: Sicilian: Pelikan and Sveshnikov Variations} (20. Bd3 Bxd3 21. Qxd3 Bxe3 22. fxe3 Rxf1+ 23. Qxf1 Rxb3 24. Rc4 Rb5 25. Nc7 Rb6 26. Nd5 Rb5 27. e4 Rc5 28. Rxc5 dxc5 {½-½ (41) Kasimdzhanov,R (2696)-Gelfand,B (2751) Tashkent 2012 CBM 152 [Marin,M]}) 20... Qd7 {[%emt 0:02:32]} 21. Rfa1 {[%emt 0:04:46]} e4 {[%emt 0:01:27]} 22. Bb5 $146 {[%emt 0:16:29]} ({Predecessor:} 22. R1a2 Bd8 23. Qd1 Ne5 24. Bf1 Qb7 25. b4 Nd3 26. Bxd3 exd3 27. bxa5 Qb1 {1-0 (36) Varga,D (2304)-Kimerling,M (2072) Banska Stiavnica 2012}) 22... Nd4 {[%emt 0:11:21]} 23. Rxd4 {[%emt 0:01:18]} Qxb5 {[%emt 0:03:09]} 24. Nc4 {[%emt 0:06:47]} Qxb3 {[%emt 0:04:26]} 25. Ra3 {[%emt 0:01:21]} Qb7 {[%emt 0:21:54]} 26. Rxa5 {[%emt 0:19:11]} Ra8 {[%emt 0:01:26]} 27. Rd1 {[%emt 0:05:39]} ({Better is} 27. Rxa8 $14 Qxa8 28. Nxd6) 27... Rxa5 {[%emt 0:04:50]} 28. Nxa5 {[%emt 0:00:01]} Qf7 {[%emt 0:00:36]} 29. Qe1 {[%emt 0:07:12]} Bh5 {[%emt 0:10:22]} 30. Rd4 {[%emt 0:00:09]} Bh4 {[%emt 0:00:21]} 31. Rd2 {[%emt 0:01:48]} Bg5 {[%emt 0:00:50]} 32. Rd4 $11 {[%emt 0:01:53]} Bh4 {[%emt 0:01:36]} 33. Rd2 {[%emt 0:00:01]} Bg5 {[%emt 0:11:51]} 34. Rd4 {[%emt 0:00:21]} 1/2-1/2

[Event "13th Poti Nana Aleksandria Cup"]
[Site "Poti"]
[Date "2018.07.17"]
[Round "6"]
[White "Matsenko, Andrei"]
[Black "Mesropian, Khachatur"]
[Result "1-0"]
[WhiteElo "2299"]
[BlackElo "2128"]
[Annotator "ChessBase"]
[PlyCount "102"]
[EventDate "2018.07.13"]
[EventType "swiss"]
[EventCountry "GEO"]
[SourceTitle "playchess.com"]
[Source "ChessBase"]
[SourceQuality "1"]
[TimeControl "40/5400+30:1800+30"]

1. e4 {[%emt 0:00:00]} c5 {[%emt 0:00:00]} 2. Nf3 {[%emt 0:00:00]} Nc6 {[%emt 0:00:00]} 3. d4 {[%emt 0:00:00]} cxd4 {[%emt 0:00:00]} 4. Nxd4 {[%emt 0:00:00]} Nf6 {[%emt 0:00:08]} 5. Nc3 {[%emt 0:00:00]} e5 {[%emt 0:00:01]} 6. Ndb5 {[%emt 0:00:02]} d6 {[%emt 0:00:07]} 7. Bg5 {[%emt 0:00:04]} a6 {[%emt 0:00:06]} 8. Na3 {[%emt 0:00:03]} b5 {[%emt 0:00:01]} 9. Nd5 {[%emt 0:00:07]} Be7 {[%emt 0:00:07]} 10. Bxf6 {[%emt 0:00:04]} Bxf6 {[%emt 0:00:10]} 11. c4 {[%emt 0:00:03]} b4 {[%emt 0:00:19]} 12. Nc2 {[%emt 0:00:04]} a5 {[%emt 0:00:13]} 13. g3 {[%emt 0:00:03]} O-O {[%emt 0:02:30]} 14. Bg2 {[%emt 0:00:12]} Bg5 {[%emt 0:02:31]} 15. O-O {[%emt 0:00:27]} Ne7 {[%emt 0:04:02]} 16. Nde3 {[%emt 0:01:14]} Bb7 {[%emt 0:03:10]} 17. Qd3 {[%emt 0:00:47]} Qb6 {[%emt 0:02:11]} 18. Rad1 {[%emt 0:01:20]} Rad8 {[%emt 0:01:09]} 19. h4 {[%emt 0:02:54]} Bxe3 {[%emt 0:01:19]} 20. Nxe3 {[%emt 0:00:05]} g6 {[%emt 0:02:53]} 21. Rd2 {[%emt 0:04:28]} f5 {[%emt 0:03:36]} 22. exf5 {[%emt 0:01:32]} Bxg2 {[%emt 0:01:08]} 23. Kxg2 {[%emt 0:00:35]} gxf5 {[%emt 0:01:55]} 24. Nd5 {[%emt 0:00:21]} Qb7 {[%emt 0:01:16]} 25. Qf3 {[%emt 0:01:45]} Kh8 {[%emt 0:01:07]} 26. Rfd1 {[%emt 0:08:52]} f4 {[%emt 0:03:43]} 27. g4 {[%emt 0:06:49]} Nc6 {[%emt 0:05:46]} 28. g5 {[%emt 0:02:41]} Qg7 {[%emt 0:03:06]} 29. Nf6 {[%emt 0:05:57]} Nd4 {[%emt 0:02:23]} 30. Rxd4 {[%emt 0:00:07]} exd4 {[%emt 0:17:33]} 31. Qxf4 {[%emt 0:02:12]} d5 {[%emt 0:01:52]} 32. Qxd4 {[%emt 0:00:47]} Rd6 {[%emt 0:02:49]} 33. Kf1 {[%emt 0:01:40]} Rfxf6 {[%emt 0:09:16]} 34. gxf6 {[%emt 0:00:05]} Qf7 {[%emt 0:02:03]} 35. cxd5 {[%emt 0:00:10]} Kg8 {[%emt 0:02:04]} 36. Qg4+ {[%emt 0:00:12]} Kf8 {[%emt 0:00:48]} 37. Rc1 {[%emt 0:03:47]} Qxf6 {[%emt 0:03:00]} 38. Rc8+ {[%emt 0:01:01]} Rd8 {[%emt 0:01:54]} 39. Qe6 {[%emt 0:00:39]} Qxh4 {[%emt 0:01:01]} 40. Qd6+ {[%emt 0:00:00]} Ke8 {[%emt 0:00:00]} 41. Qxd8+ {[%emt 0:00:11]} Qxd8 {[%emt 0:03:32]} 42. Rxd8+ {[%emt 0:00:02]} Kxd8 {[%emt 0:00:01]} 43. f4 {[%emt 0:00:13]} a4 {[%emt 0:02:29]} 44. f5 {[%emt 0:00:07]} Ke7 {[%emt 0:00:24]} 45. a3 {[%emt 0:00:28]} b3 {[%emt 0:01:03]} 46. Kg2 {[%emt 0:00:03]} Ke8 {[%emt 0:03:37]} 47. Kh3 {[%emt 0:00:05]} Ke7 {[%emt 0:00:16]} 48. Kh4 {[%emt 0:00:05]} Ke8 {[%emt 0:03:16]} 49. Kh5 {[%emt 0:00:05]} Ke7 {[%emt 0:00:12]} 50. Kh6 {[%emt 0:00:04]} Kd6 {[%emt 0:00:02]} 51. f6 {[%emt 0:00:05]} Kxd5 {[%emt 0:00:39]} 1-0

[Event "13th Poti Nana Aleksandria Cup"]
[Site "Poti"]
[Date "2018.07.17"]
[Round "6"]
[White "Poormosavi, Seyed Kian"]
[Black "Der Manuelian, Haik"]
[Result "0-1"]
[WhiteElo "2221"]
[BlackElo "2242"]
[Annotator "TA"]
[PlyCount "102"]
[EventDate "2018.07.13"]
[EventType "swiss"]
[EventCountry "GEO"]
[SourceTitle "playchess.com"]
[Source "ChessBase"]
[SourceQuality "1"]

{[%evp 22,102,22,0,0,-12,8,0,0,-25,-21,-22,-26,-29,-14,-30,-25,-23,-26,-27,-31,-43,-22,-28,0,-20,-20,-19,-14,-13,-10,-12,-12,-13,-6,-10,0,-3,-7,-7,-8,-8,0,-44,-42,-120,-110,-183,-173,-237,-229,-208,-142,-215,-212,-697,-551,-623,-445,-429,-400,-539,-453,-9071,-2471,-29970,-29971,-29971,-29971,-29977,-29978,-29978,-29978,-29978,-29979,-29977,-29973,-29990,-29972,-29992,-29979,-29976,-5543]} 1. e4 e5 2. Nf3 Nc6 3. Bb5 Nf6 4. O-O Nxe4 5. d4 Nd6 6. Bxc6 dxc6 7. dxe5 Nf5 8. Qxd8+ Kxd8 9. h3 h5 {C67: Ruy Lopez: Berlin Defence: 4 0-0 Nxe4} (9... Ke8 10. Nc3 b6 11. Bf4 Bb4 12. Ne4 Ba6 13. Rfc1 Be2 14. Nh2 Bc4 15. Rd1 Bd5 16. c3 Bxe4 17. cxb4 Rd8 18. e6 fxe6 19. Bxc7 Rxd1+ 20. Rxd1 {1-0 (51) Vachier Lagrave,M (2789)-Anand,V (2759) Leuven 2018}) 10. Nc3 Ke8 11. b3 Be7 12. Bb2 {LiveBook: 11 Games} b6 13. Rfe1 Be6 14. Ne4 Rd8 15. Nfg5 $146 ({Predecessor:} 15. Rad1 Rxd1 16. Rxd1 Bd5 17. Nfg5 Bxg5 18. Nxg5 {½-½ (50) Sabria Batlle,P (2209)-Temprano Mateos,L (2010) Figueres 2011}) 15... Bxg5 16. Nxg5 Rd2 17. Rac1 Ke7 18. Ne4 Rd7 19. Rcd1 Rhd8 20. Rxd7+ Rxd7 21. c4 a5 22. f3 h4 23. Kf2 a4 24. Bc1 Kd8 25. Bg5+ Kc8 26. Rb1 c5 27. Rb2 Kb7 28. Rd2 Rd4 29. Be3 Rxd2+ 30. Nxd2 $11 {[%mdl 4096] Endgame KBN-KBN} Ka6 31. Bg5 b5 32. Ke2 Ka5 33. Kd3 ({White should play} 33. cxb5 $15 axb3 34. axb3) 33... Kb4 $17 34. Bd8 (34. cxb5 $17 axb3 35. axb3) 34... c6 $1 $19 35. Bb6 (35. Bg5 $142) 35... axb3 36. axb3 Ng3 37. Bd8 {[#]} (37. Kc2 $17 {was necessary.}) 37... Bf5+ $1 38. Ne4 $2 (38. Ke3 Bc2 39. Kf2) 38... Kxb3 39. Bxh4 Nxe4 40. fxe4 {KB-KB} Be6 41. cxb5 cxb5 {[%cal Bc6b5,Bb5b4,Bb4b3,Bb3b2][%mdl 32]} 42. Be7 (42. Be1 $142) 42... c4+ {[%cal Bc5c4,Bc4c3][%mdl 32]} 43. Kd2 c3+ {Black mates.} 44. Kc1 b4 45. h4 g6 46. Kb1 Kc4 47. Bd6 b3 48. Ba3 Bg4 49. Ka1 Be2 50. g3 b2+ 51. Ka2 Bd3 {Precision: White = 27%, Black = 79%.} (51... Kd4 $142 52. Bxb2 cxb2 53. Kxb2 Kxe5 54. Kc3 Kxe4 55. Kd2 Bg4 56. Kc3 Kf3 57. Kd4 Kxg3 58. Kd3 f5 59. Kd4 f4 60. Kd3 f3 61. Ke4 f2 62. Ke3 f1=Q 63. Kd4 Kxh4 64. Ke5 Qb5+ 65. Kd4 Kg3 66. Kc3 Kf4 67. Kc2 {[#]} Bd1+ $1 {[%mdl 512]} 68. Kd2 Qb2+ 69. Kxd1 Kf3 70. Ke1 Qe2#) 0-1

[Event "13th Poti Nana Aleksandria Cup"]
[Site "Poti"]
[Date "2018.07.17"]
[Round "6"]
[White "Vakhania, Aleksandra"]
[Black "Matsenko, Vadim"]
[Result "1-0"]
[WhiteElo "2182"]
[BlackElo "2106"]
[Annotator "TA"]
[PlyCount "68"]
[EventDate "2018.07.13"]
[EventType "swiss"]
[EventCountry "GEO"]
[SourceTitle "playchess.com"]
[Source "ChessBase"]
[SourceQuality "1"]

{[%evp 18,68,22,23,28,21,22,21,35,28,131,25,24,26,38,18,18,4,43,39,36,0,69,17,56,42,44,54,220,219,393,386,377,241,225,225,225,218,367,359,356,338,491,483,458,452,445,409,563,551,497,440,393]} 1. d4 Nf6 2. Nf3 e6 3. g3 b6 4. Bg2 Bb7 5. O-O c5 6. dxc5 Bxc5 7. c4 O-O 8. Nc3 Ne4 {E16: Damenindisch (Hauptfortsetzung mit Lb4)} 9. Qc2 Nxc3 10. Qxc3 {LiveBook: 11 Partien} a5 {Weiß hat minimalen Vorteil.} 11. Bf4 f6 12. Rfd1 e5 $146 ({Vorgänger:} 12... Qe7 13. Qd2 d5 14. cxd5 Bxd5 15. Ne1 Bxg2 16. Nxg2 {½-½ (48) Dudyev,V (2594)-Kribben,M (2652) ICCF email 2011}) 13. Be3 Na6 {[#]} (13... Qc7 $11) 14. a3 (14. Nxe5 $1 $16 Bb4 15. Qb3 Bxg2 16. Nxd7) 14... Qc7 15. Bxc5 Nxc5 16. b4 axb4 17. axb4 Rxa1 18. Rxa1 Ne4 19. Qb3 Kh8 ({Lieber} 19... Rc8 $11) 20. Ra7 (20. Qd3 $14) 20... Ra8 21. Qa4 Rxa7 22. Qxa7 Nd6 $2 {[#]} ({Günstiger ist} 22... Nc3 $14) 23. Nd2 $18 {zielt auf c5 ab.} Qc8 $2 (23... e4 {ist wohl besser.} 24. Bxe4 Qc8) 24. Qxb6 Bxg2 25. Kxg2 Qc6+ 26. Qxc6 dxc6 {[%mdl 4096] Endspiel KS-KS} 27. f4 Kg8 (27... exf4 $142 28. gxf4 Kg8) 28. fxe5 fxe5 29. c5 Nf5 (29... Nb5 $142 30. Nc4 e4) 30. Nc4 e4 31. Ne5 Ne7 32. Kf2 g6 33. Ke3 Nd5+ 34. Kxe4 Nxb4 {Precision: Weiß = 62%, Schwarz = 25%.} 1-0